| 000 | 00818pab a2200157 454500 | ||
|---|---|---|---|
| 008 | 180718b2004 xxu||||| |||| 00| 0 eng d | ||
| 100 | _aSastry, Trilochan | ||
| 245 | _aElectoral reforms and citizens' initiatives: some breakthroughs | ||
| 260 | _c2004 | ||
| 300 | _ap.1391-397. | ||
| 362 | _a27 Mar | ||
| 520 | _aThe question of electoral reforms acquires importance with the growing deterioration in electoral politics. Some of these reforms have been citizen-led, and have empowered the citizen. The ordinary citizen can now ask for candidate affidavits from returning officers and district election officers, scrutinise them and disseminate them to others. Much needs to be done, but these are good beginnings. - Reproduced. | ||
| 650 | _aElections | ||
| 773 | _aEconomic and Political Weekly | ||
| 909 | _a60092 | ||
| 999 |
_c60092 _d60092 |
||